[Event "Kretsmesterskap  i lagsjakk for Troms og"]
[Site "Hotell Thon - Arena Hall"]
[Date "2025.01.31"]
[Round "1"]
[White "Selnes, Odd K."]
[Black "Domben, Pål"]
[Result "1-0"]
[WhiteElo "1873"]
[BlackElo "1594"]
[PlyCount "75"]
[EventDate "2025.??.??"]

1. d4 Nf6 2. c4 c6 3. Nc3 d5 4. Nf3 g6 5. Bf4 Bg7 6. e3 O-O 7. h3 Nbd7 8. Bd3
a6 9. a4 Re8 10. O-O Nf8 11. Qb3 e6 12. Rfd1 N8d7 13. Bh2 Qb6 14. Qa3 c5 15. a5
Qc6 16. b3 Bf8 17. Qb2 Bg7 18. Qc2 b6 19. axb6 Qxb6 20. Na4 Qa7 21. Ne5 cxd4
22. exd4 Bb7 23. c5 Rec8 24. b4 Nxe5 25. Bxe5 Nd7 26. Bxg7 Kxg7 27. f4 f5 28.
Nc3 Qb8 29. Qd2 Bc6 30. Bxa6 Rc7 31. b5 Rca7 32. bxc6 Rxa6 33. Rxa6 Rxa6 34.
cxd7 Qd8 35. Qe2 Rc6 36. Qe5+ Kf7 37. Nxd5 exd5 38. Qxd5+ 1-0

[Event "Kretsmesterskap  i lagsjakk for Troms og"]
[Site "Hotell Thon - Arena Hall"]
[Date "2025.02.01"]
[Round "2"]
[White "Selnes, Odd K."]
[Black "Røyset, Pål"]
[Result "0-1"]
[WhiteElo "1873"]
[BlackElo "2092"]
[PlyCount "166"]
[EventDate "2025.??.??"]

1. d4 Nf6 2. c4 e6 3. Nc3 Bb4 4. Qc2 d5 5. Nf3 Nc6 6. e3 O-O 7. Bd3 dxc4 8.
Bxc4 b6 9. O-O Bb7 10. Bd3 h6 11. a3 Bxc3 12. bxc3 Na5 13. Ne5 c5 14. f3 Rc8
15. Bb2 cxd4 16. exd4 Nd5 17. Rae1 Nf4 18. Bh7+ Kh8 19. Be4 Ba6 20. Rf2 Nc4 21.
Nxc4 Bxc4 22. Qd2 Qg5 23. Kh1 e5 24. Bc1 Rcd8 25. Bb1 Qh5 26. Qe3 f6 27. dxe5
fxe5 28. Rd2 Rxd2 29. Bxd2 Rd8 30. Bc2 Bd3 31. Bb3 Bg6 32. Bc4 Nd3 33. Re2 Nc5
34. h3 Qh4 35. Ba2 Qa4 36. Bc1 Kh7 37. Kh2 Qc6 38. Rd2 Rxd2 39. Qxd2 e4 40. Qd5
Qxd5 41. Bxd5 exf3 42. Bxf3 Be4 43. Kg3 Bxf3 44. Kxf3 Kg6 45. Be3 Na4 46. Bd4
Nb2 47. Ke4 Nc4 48. a4 Nb2 49. a5 bxa5 50. Kd5 a4 51. c4 a3 52. c5 Nd3 53. Kc4
Nf4 54. c6 Ne6 55. Bc3 Kf7 56. Kd5 Nc7+ 57. Kc5 Ke7 58. Bxg7 Ne6+ 59. Kb4 Nxg7
60. Kxa3 Kd6 61. Ka4 Ne6 62. Ka5 Nd4 63. g4 Nxc6+ 64. Ka6 Ke5 65. h4 Kf4 66. g5
hxg5 67. hxg5 Kxg5 68. Kb5 a5 69. Kc5 Kf5 70. Kd5 Kf4 71. Kc4 Ke3 72. Kc3 Nd8
73. Kc4 Kd2 74. Kb3 Kd3 75. Kb2 Kc4 76. Ka3 Kb5 77. Kb3 Nb7 78. Ka3 Nc5 79. Ka2
Kb4 80. Kb2 Nd3+ 81. Ka2 a4 82. Kb1 Kb3 83. Ka1 Nb4 0-1

[Event "Kretsmesterskap  i lagsjakk for Troms og"]
[Site "Hotell Thon - Arena Hall"]
[Date "2025.02.02"]
[Round "5"]
[White "Shabalin, Vladimir"]
[Black "Bech, Håvard E."]
[Result "0-1"]
[WhiteElo "1739"]
[BlackElo "2009"]
[PlyCount "89"]
[EventDate "2025.??.??"]

1. e4 e5 2. Nf3 Nc6 3. d4 exd4 4. Nxd4 Bc5 5. Be3 Qf6 6. c3 Nge7 7. Qd2 a6 8.
Nxc6 Bxe3 9. Qxe3 Nxc6 10. Nd2 d6 11. Be2 Bd7 12. O-O-O O-O-O 13. f4 Rhe8 14.
g3 d5 15. e5 Qe7 16. Nb3 f6 17. Rxd5 fxe5 18. Bf3 exf4 19. Qxe7 Nxe7 20. Rxd7
Kxd7 21. Bg4+ Kc6 22. Nd4+ Kb6 23. Ne6 Rd6 24. Nxf4 Nd5 25. Nxd5+ Rxd5 26. Rd1
Rxd1+ 27. Kxd1 Re5 28. Kd2 a5 29. a4 Kc5 30. Be2 Rxe2+ 31. Kxe2 Kc4 32. Kd2 Kb3
33. Kc1 c5 34. Kb1 c4 35. h3 g5 36. h4 g4 37. h5 h6 38. Kc1 Kxa4 39. Kc2 b5 40.
Kc1 Kb3 41. Kb1 b4 42. cxb4 axb4 43. Kc1 Ka2 44. Kc2 c3 45. bxc3 0-1

[Event "Kretsmesterskap  i lagsjakk for Troms og"]
[Site "Hotell Thon - Arena Hall"]
[Date "2025.01.31"]
[Round "1"]
[White "Shabalin, Vladimir"]
[Black "Larsen, Martin H."]
[Result "1/2-1/2"]
[WhiteElo "1739"]
[BlackElo "2009"]
[PlyCount "100"]
[EventDate "2025.??.??"]

1. e4 c5 2. Nc3 e6 3. Nf3 d5 4. exd5 exd5 5. Bb5+ Nc6 6. d4 Nf6 7. Qe2+ Be7 8.
Bxc6+ bxc6 9. O-O O-O 10. Re1 Re8 11. Bg5 Bd7 12. Qd2 Rb8 13. Rab1 cxd4 14.
Nxd4 c5 15. Nf3 d4 16. Bxf6 Bxf6 17. Nd5 Be6 18. Nxf6+ Qxf6 19. b3 Bd5 20.
Rxe8+ Rxe8 21. Re1 Rxe1+ 22. Qxe1 h5 23. Qe5 Qxe5 24. Nxe5 Be4 25. Nd3 Kf8 26.
f3 Bf5 27. Kf2 Ke7 28. Ke2 Kd6 29. Kd2 g5 30. c3 a5 31. g3 a4 32. f4 axb3 33.
axb3 f6 34. fxg5 fxg5 35. h4 gxh4 36. gxh4 Bg6 37. cxd4 cxd4 38. b4 Bf7 39. Nf4
Ke5 40. Nd3+ Kd5 41. b5 Be8 42. b6 Kc6 43. b7 Kxb7 44. Nf4 Kb6 45. Ne6 Kc6 46.
Nxd4+ Kd5 47. Nf5 Ke5 48. Ng7 Bg6 49. Ke3 Kf6 50. Nxh5+ Bxh5 1/2-1/2

[Event "Kretsmesterskap  i lagsjakk for Troms og"]
[Site "Hotell Thon - Arena Hall"]
[Date "2025.02.01"]
[Round "3"]
[White "Solbu, August"]
[Black "Schouten, Ken R."]
[Result "1-0"]
[WhiteElo "1917"]
[BlackElo "1544"]
[PlyCount "68"]
[EventDate "2025.??.??"]

1. e4 c6 2. d4 d5 3. exd5 cxd5 4. Bd3 Nc6 5. c3 a6 6. Bf4 Nf6 7. Nd2 b5 8. a3
e6 9. Ngf3 Be7 10. Ne5 Nxe5 11. dxe5 Nd7 12. h4 Bb7 13. Qg4 g6 14. Nf3 f5 15.
Qg3 Nc5 16. O-O-O Nxd3+ 17. Rxd3 a5 18. h5 Rg8 19. hxg6 hxg6 20. Rh7 Qc8 21.
Nd4 b4 22. Nb5 bxa3 23. Bg5 Bf8 24. Nd6+ Bxd6 25. exd6 a2 26. Re7+ Kd8 27.
Rxb7+ Ke8 28. Re7+ Kd8 29. Rg7+ Ke8 30. Rxg8+ Kf7 31. Rxc8 a1=Q+ 32. Kc2 Qa4+
33. Kd2 Rxc8 34. Qe5 Qb3 1-0

[Event "Kretsmesterskap  i lagsjakk for Troms og"]
[Site "Hotell Thon - Arena Hall"]
[Date "2025.01.31"]
[Round "1"]
[White "Solbu, August"]
[Black "Tørfoss, Sivert S,"]
[Result "0-1"]
[WhiteElo "1917"]
[BlackElo "2107"]
[PlyCount "66"]
[EventDate "2025.??.??"]

1. e4 e5 2. Nf3 Nc6 3. d4 exd4 4. Bc4 Bc5 5. c3 Nf6 6. e5 d5 7. Bb5 Ne4 8. cxd4
Bb6 9. O-O O-O 10. Nc3 Bg4 11. Bxc6 bxc6 12. Re1 Nxc3 13. bxc3 Re8 14. a4 a5
15. Ba3 Qb8 16. Qd2 Qa7 17. Kh1 c5 18. Rg1 cxd4 19. cxd4 c5 20. dxc5 Bxc5 21.
Bxc5 Qxc5 22. Rgc1 Qa7 23. Qxd5 Rad8 24. Qc5 Rd1+ 25. Rxd1 Qxc5 26. Rd3 Bxf3
27. Rxf3 Qxe5 28. Rf1 Qd4 29. Rc1 Qd2 30. Rg1 Re1 31. g3 Rxg1+ 32. Kxg1 Qe1+
33. Kg2 Qe4 0-1

[Event "Kretsmesterskap  i lagsjakk for Troms og"]
[Site "Hotell Thon - Arena Hall"]
[Date "2025.02.01"]
[Round "3"]
[White "Strøm, Bjørn M."]
[Black "Mathisen, Pål S."]
[Result "0-1"]
[WhiteElo "1590"]
[BlackElo "1740"]
[PlyCount "138"]
[EventDate "2025.??.??"]

1. d4 Nf6 2. Nf3 e6 3. e3 c5 4. Nc3 d5 5. Bb5+ Bd7 6. Bxd7+ Nbxd7 7. O-O Rc8 8.
Ne2 Bd6 9. Ng3 O-O 10. c3 Bb8 11. Re1 Ne4 12. Qc2 f5 13. dxc5 Ndxc5 14. b4 Nd7
15. Nxe4 fxe4 16. Nd4 Qf6 17. Bb2 Ne5 18. Re2 Nd3 19. Rd1 Nxb4 20. Qb1 Nd3 21.
Rxd3 exd3 22. Qxd3 e5 23. Nf3 Rfd8 24. Qb5 Qc6 25. Qb3 Qc4 26. Qc2 Qxa2 27. Ng5
g6 28. h4 Qa6 29. h5 Qf6 30. Nf3 Qf5 31. hxg6 Qxg6 32. Qc1 Qh5 33. e4 d4 34.
Qa1 d3 35. Rd2 Rc6 36. Qa2+ Qf7 37. Qa5 Bc7 38. Qb5 Rb6 39. Qa4 Qb3 40. Qa1 Ra6
41. Qc1 Qf7 42. c4 Qh5 43. Qc3 Rh6 44. Kf1 Qh1+ 45. Ng1 Rg6 46. f3 Qh5 47. Rxd3
Rxd3 48. Qxd3 Qh2 49. Qc2 Qg3 50. c5 Ba5 51. Qc4+ Kg7 52. Qe2 Qf4 53. Nh3 Qh2
54. Ng1 b6 55. g4 Qxe2+ 56. Nxe2 Kf6 57. c6 b5 58. Nc3 Bxc3 59. Bxc3 Ke6 60. c7
Rg8 61. Ke2 Kd6 62. Ke3 Rc8 63. Ba5 Rxc7 64. Bxc7+ Kxc7 65. f4 exf4+ 66. Kxf4
Kd6 67. Kf5 Ke7 68. Kg5 b4 69. Kh6 b3 0-1

[Event "Kretsmesterskap  i lagsjakk for Troms og"]
[Site "Hotell Thon - Arena Hall"]
[Date "2025.02.02"]
[Round "4"]
[White "Strøm, Bjørn M."]
[Black "Schouten, Ken R."]
[Result "0-1"]
[WhiteElo "1590"]
[BlackElo "1544"]
[PlyCount "95"]
[EventDate "2025.??.??"]

1. d4 d5 2. Nf3 Nf6 3. e3 c5 4. c4 Bg4 5. h3 Bh5 6. cxd5 cxd4 7. Qa4+ Nbd7 8.
Nxd4 Nxd5 9. Bb5 N5b6 10. Bxd7+ Qxd7 11. Qxd7+ Nxd7 12. O-O a6 13. Nc3 e6 14.
b3 Rc8 15. Bb2 Bb4 16. Ne4 O-O 17. a3 Be7 18. Rfc1 Bg6 19. Nd2 Nc5 20. Rc3 Nd3
21. Rxc8 Rxc8 22. Ra2 e5 23. N4f3 Rc2 24. Nc4 b5 25. Ncxe5 Rxb2 26. Ra1 Nxe5
27. Nxe5 Rb1+ 28. Rxb1 Bxb1 29. b4 Bf6 30. Nc6 Bb2 31. Nb8 Bxa3 32. Nxa6 Be4
33. f3 Bd3 34. Kf2 Kf8 35. e4 Ke7 36. g4 Bc4 37. Ke3 Kd6 38. Kd2 Ke5 39. Ke3
Bc1+ 40. Kf2 Kf4 41. h4 Be3+ 42. Kg2 Be2 43. Nc7 Bc4 44. h5 Bd2 45. Na6 Be2 46.
Nc7 Bxf3+ 47. Kf2 Bxe4 48. Nxb5 0-1

[Event "Kretsmesterskap  i lagsjakk for Troms og"]
[Site "Hotell Thon - Arena Hall"]
[Date "2025.02.02"]
[Round "5"]
[White "Strøm, Henrik M."]
[Black "Hansen, Ola"]
[Result "1-0"]
[WhiteElo "1633"]
[BlackElo "1639"]
[PlyCount "97"]
[EventDate "2025.??.??"]

1. d4 d5 2. Bf4 e6 3. e3 a6 4. Nd2 Bd6 5. Bg3 Bxg3 6. hxg3 Nf6 7. Bd3 Nc6 8. c3
e5 9. Qc2 e4 10. Be2 Bf5 11. Nh3 Qd7 12. O-O-O O-O-O 13. Nb3 Ne7 14. Nc5 Qc6
15. Qb3 Qb6 16. Qxb6 cxb6 17. Nb3 Kb8 18. f3 Bg6 19. g4 exf3 20. gxf3 h5 21. g5
Nh7 22. Bd3 Nf5 23. Bxf5 Bxf5 24. f4 Rhe8 25. Kd2 f6 26. Rdg1 fxg5 27. Nxg5
Nxg5 28. Rxg5 g6 29. Nc1 Re6 30. Nd3 Bxd3 31. Kxd3 Rde8 32. Rh3 Rf6 33. Rxd5
Kc7 34. Rg5 Ree6 35. Rh4 Rf8 36. e4 Ref6 37. Ke3 b5 38. e5 Rb6 39. b4 Rc6 40.
Kd3 Rc8 41. d5 Rc4 42. Rxg6 Kb8 43. d6 Rxc3+ 44. Ke4 R3c4+ 45. Kf5 Rxb4 46. e6
Rd4 47. d7 Rf8+ 48. Rf6 Rd5+ 49. Kg6 1-0

[Event "Kretsmesterskap  i lagsjakk for Troms og"]
[Site "Hotell Thon - Arena Hall"]
[Date "2025.02.01"]
[Round "2"]
[White "Strøm, Henrik M."]
[Black "Åsvang, Jon F."]
[Result "0-1"]
[WhiteElo "1633"]
[BlackElo "2006"]
[PlyCount "104"]
[EventDate "2025.??.??"]

1. d4 d5 2. Bf4 Nf6 3. e3 g6 4. Nd2 Bg7 5. Bd3 c5 6. c3 Nc6 7. Ngf3 Nh5 8. Bg3
O-O 9. O-O Nxg3 10. hxg3 e5 11. dxe5 Nxe5 12. Nxe5 Bxe5 13. Nf3 Bg7 14. e4 Qb6
15. Qb3 Qxb3 16. axb3 d4 17. Rac1 dxc3 18. bxc3 Be6 19. c4 Rfd8 20. Rfd1 h6 21.
Bc2 Kf8 22. Kf1 Ke7 23. Ke2 Rxd1 24. Rxd1 a5 25. Nd2 Bd7 26. Rb1 Bc6 27. Nf1
Re8 28. Ne3 Kd6 29. f3 Bd4 30. g4 b5 31. Bd3 b4 32. Bc2 Ra8 33. Nd5 a4 34. bxa4
Bxa4 35. Bxa4 Rxa4 36. g3 Ra2+ 37. Kd3 Ra3+ 38. Ke2 b3 39. Ne3 b2 40. Nc2 Ra1
41. Rxa1 bxa1=Q 42. Nxa1 Bxa1 43. Ke3 Bd4+ 44. Kf4 Ke6 45. g5 Be5+ 46. Kg4 hxg5
47. Kxg5 Bxg3 48. f4 f6+ 49. Kg4 Bh2 50. Kf3 g5 51. fxg5 fxg5 52. Kg4 Bf4 0-1

[Event "Kretsmesterskap  i lagsjakk for Troms og"]
[Site "Hotell Thon - Arena Hall"]
[Date "2025.02.02"]
[Round "5"]
[White "Søraas, Torben"]
[Black "Høifødt, Jakob S."]
[Result "1-0"]
[WhiteElo "2127"]
[BlackElo "1674"]
[PlyCount "117"]
[EventDate "2025.??.??"]

1. e4 c6 2. d4 d5 3. exd5 cxd5 4. Bd3 Nc6 5. c3 Nf6 6. h3 g6 7. Nf3 Bf5 8. Be2
e6 9. O-O Bxb1 10. Rxb1 Bg7 11. Bf4 O-O 12. Re1 Ne8 13. Bd3 Nd6 14. Qd2 Rc8 15.
Bg5 Qd7 16. Bh6 b5 17. a3 a5 18. Qf4 Nc4 19. Qh4 f6 20. Re2 Ne7 21. Rbe1 Rc6
22. Bxg7 Kxg7 23. Qg4 f5 24. Qf4 Ng8 25. Bxc4 bxc4 26. Ne5 Qc7 27. Qh4 Rb6 28.
Nf3 h6 29. Rxe6 Rxe6 30. Rxe6 Rb8 31. Re2 Nf6 32. Ne5 Ne4 33. f3 Ng5 34. Qe1
Kf6 35. Qh4 Kg7 36. Qf4 Rb7 37. h4 Nf7 38. h5 Nxe5 39. dxe5 Qb6+ 40. Kh2 Qe6
41. hxg6 Kxg6 42. Qh4 Rd7 43. Qd4 Rc7 44. Rd2 Rd7 45. Qe3 Kh7 46. Qd4 Kg6 47.
Kg1 Kh7 48. Kf1 a4 49. Ke1 Kg8 50. Kd1 Kh7 51. Kc1 Kg8 52. Kb1 Kh7 53. Ka1 Kg8
54. Ka2 Kh7 55. Rd1 Kg8 56. Rh1 Rb7 57. Rd1 Rd7 58. Qc5 Qxe5 59. Qc8+ 1-0

[Event "Kretsmesterskap  i lagsjakk for Troms og"]
[Site "Hotell Thon - Arena Hall"]
[Date "2025.02.01"]
[Round "2"]
[White "Søraas, Torben"]
[Black "Schouten, Mathias L."]
[Result "0-1"]
[WhiteElo "2127"]
[BlackElo "2268"]
[PlyCount "134"]
[EventDate "2025.??.??"]

1. d4 d5 2. Nf3 Nf6 3. Bf4 c5 4. e3 cxd4 5. exd4 Nc6 6. c3 Bg4 7. Nbd2 e6 8.
Bd3 Bd6 9. Bxd6 Qxd6 10. O-O O-O 11. Re1 Rac8 12. Re3 Rfe8 13. Qf1 Bxf3 14.
Nxf3 e5 15. dxe5 Nxe5 16. Nxe5 Rxe5 17. Rxe5 Qxe5 18. Qe2 Qd6 19. Qe3 b6 20.
Rd1 Qc5 21. Qf4 Re8 22. h3 a5 23. a4 Re6 24. Bb5 g6 25. Bd3 Kg7 26. Qd2 h6 27.
Bb5 Re4 28. Kf1 Qc7 29. Kg1 Qe7 30. Kf1 Qc5 31. Kg1 Qc7 32. Qd3 Qe7 33. Qd2 Qc5
34. Kf1 Re6 35. Qd4 Qc7 36. Kg1 h5 37. Bd3 Qc5 38. Qf4 Nd7 39. Qd2 Kf8 40. Qh6+
Ke7 41. Qg5+ Nf6 42. Qd2 Qc6 43. Bb5 Qc5 44. Bd3 Qc7 45. Be2 Qd7 46. Bb5 Qd6
47. Be2 Qc6 48. Bb5 Qc5 49. Bd3 Kf8 50. Qh6+ Kg8 51. Qd2 Ne8 52. Be2 Re5 53.
Bf3 Nf6 54. Qf4 Rf5 55. Qd2 Qc4 56. Qd4 Qc7 57. Qd2 Qc6 58. Qd4 Qd6 59. Qd3 Qe6
60. Qd4 g5 61. Kf1 Re5 62. Qd2 g4 63. hxg4 hxg4 64. Be2 Ne4 65. Qe3 Rh5 66. Bd3
Ng3+ 67. Ke1 Re5 0-1

[Event "Kretsmesterskap  i lagsjakk for Troms og"]
[Site "Hotell Thon - Arena Hall"]
[Date "2025.02.01"]
[Round "3"]
[White "Sørensen, O.."]
[Black "Bech, Håvard E."]
[Result "0-1"]
[WhiteElo "1713"]
[BlackElo "2009"]
[PlyCount "84"]
[EventDate "2025.??.??"]

1. e4 e5 2. Nf3 Nc6 3. d4 exd4 4. Bc4 Nf6 5. e5 d5 6. Bb5 Ne4 7. Nxd4 Bd7 8.
Bxc6 bxc6 9. O-O Be7 10. f3 Nc5 11. Nd2 O-O 12. f4 f6 13. N2f3 Ne4 14. e6 Be8
15. f5 c5 16. Nb3 c4 17. Nbd4 c5 18. Ne2 d4 19. Bf4 Qb6 20. b3 Bb5 21. Nd2 Nxd2
22. Qxd2 c3 23. Qe1 c4 24. Kh1 cxb3 25. axb3 Qb7 26. Qf2 Qe4 27. Ng3 Qd5 28.
Rfd1 d3 29. Be3 a6 30. Bd4 Rac8 31. Bb6 d2 32. Qd4 Qxd4 33. Bxd4 Rfd8 34. Bb6
Rd5 35. Ba5 Bd6 36. Ne4 Be5 37. e7 Kf7 38. Bd8 Be2 39. h3 Bxd1 40. Rxd1 Rd4 41.
Nf2 Bc7 42. Nd3 Rxd3 0-1

[Event "Kretsmesterskap  i lagsjakk for Troms og"]
[Site "Hotell Thon - Arena Hall"]
[Date "2025.01.31"]
[Round "1"]
[White "Sørensen, Olav N."]
[Black "Thoresen, Rune"]
[Result "1-0"]
[WhiteElo "1713"]
[BlackElo "1666"]
[PlyCount "117"]
[EventDate "2025.??.??"]

1. d4 Nf6 2. Bf4 d5 3. e3 e6 4. Nf3 Bd6 5. Ne5 O-O 6. Bd3 c5 7. c3 c4 8. Bc2
Nc6 9. Nd2 Ne7 10. Ndf3 Ng6 11. Nxg6 fxg6 12. Bxd6 Qxd6 13. O-O b5 14. a3 a6
15. Qe2 Nd7 16. e4 e5 17. exd5 exd4 18. Nxd4 Bb7 19. Qe6+ Qxe6 20. dxe6 Nf6 21.
a4 b4 22. cxb4 Nd5 23. b5 a5 24. b3 Nb4 25. bxc4 Nxc2 26. Nxc2 Rfe8 27. Nd4
Rac8 28. Rac1 Rc5 29. Nb3 Rg5 30. g3 Rxe6 31. c5 Re4 32. c6 Bc8 33. b6 Rb4 34.
b7 Bxb7 35. cxb7 Rxb7 36. Rc5 Rxc5 37. Nxc5 Rb4 38. Ra1 h5 39. Nd3 Rb8 40. Ne5
Rb6 41. Nc4 Ra6 42. Rd1 Ra8 43. Rd5 Rb8 44. Rxa5 Rb1+ 45. Kg2 Rc1 46. Ne5 g5
47. Ra8+ Kh7 48. a5 Rc5 49. Nd7 Rc2 50. a6 Ra2 51. Nc5 h4 52. Rd8 h3+ 53. Kxh3
Rxf2 54. a7 g4+ 55. Kxg4 Rxh2 56. a8=Q Rf2 57. Qe4+ g6 58. Qe7+ Kh6 59. Rh8#
1-0

[Event "Kretsmesterskap  i lagsjakk for Troms og"]
[Site "Hotell Thon - Arena Hall"]
[Date "2025.02.02"]
[Round "4"]
[White "Thoresen, Rune"]
[Black "Jakobsen, Robert"]
[Result "0-1"]
[WhiteElo "1666"]
[BlackElo "1725"]
[PlyCount "131"]
[EventDate "2025.??.??"]

1. e4 c6 2. d4 d5 3. Nc3 dxe4 4. Nxe4 Nf6 5. Nxf6+ exf6 6. c3 Bd6 7. Nf3 O-O 8.
Be2 Re8 9. O-O Bg4 10. Be3 Nd7 11. Re1 Nf8 12. Nd2 Bxe2 13. Rxe2 Rc8 14. Nf1
Ng6 15. Qd2 Qd7 16. Rae1 f5 17. f3 f4 18. Bf2 Bc7 19. Rxe8+ Rxe8 20. Rxe8+ Qxe8
21. Qe1 Qd7 22. Qe4 Ne7 23. Be1 f5 24. Qc2 Qe6 25. Qb3 Qxb3 26. axb3 Nd5 27.
Bd2 Kf7 28. Bc1 b6 29. Nd2 Kf6 30. Nc4 b5 31. Na3 a6 32. Nc2 a5 33. Kf2 g5 34.
Ne1 Bb6 35. Nc2 Nc7 36. h4 h6 37. c4 Ne6 38. c5 Bc7 39. Bd2 Nf8 40. Na3 Ke6 41.
Nc2 Kd5 42. b4 a4 43. Bc3 Ne6 44. Ke2 Kc4 45. Kd2 g4 46. Na3+ Kd5 47. Nc2 Bd8
48. Ne1 Nxd4 49. Nd3 Bc7 50. Ke1 g3 51. Bd2 Ne6 52. Bc3 Kc4 53. Ne5+ Bxe5 54.
Bxe5 Kxb4 55. Kd2 Kxc5 56. Kd3 Kd5 57. Bf6 b4 58. Be7 c5 59. Bf6 c4+ 60. Kc2
Nd4+ 61. Kd2 Ne6 62. Be7 Nc5 63. Bg5 Nd3 64. Bf6 Ne5 65. Bg5 Nxf3+ 66. Ke2 0-1

[Event "Kretsmesterskap  i lagsjakk for Troms og"]
[Site "Hotell Thon - Arena Hall"]
[Date "2025.02.01"]
[Round "2"]
[White "Thoresen, Rune"]
[Black "Shabalin, Vladimir"]
[Result "1/2-1/2"]
[WhiteElo "1666"]
[BlackElo "1739"]
[PlyCount "52"]
[EventDate "2025.??.??"]

1. e4 e5 2. Nc3 Nf6 3. f4 d6 4. Nf3 Bg4 5. h3 Bxf3 6. Qxf3 Nbd7 7. Bb5 c6 8.
Ba4 a5 9. a3 Nc5 10. d3 b5 11. Bb3 Nxb3 12. cxb3 Be7 13. O-O O-O 14. Be3 Nd7
15. Rad1 Bf6 16. d4 exd4 17. Bxd4 Bxd4+ 18. Rxd4 Qb6 19. Rfd1 Nf6 20. Kh1 Ne8
21. Ne2 Rd8 22. Ng3 c5 23. R4d2 g6 24. e5 Qc7 25. Qf1 Qc6 26. Qf3 Qc7 1/2-1/2

[Event "Kretsmesterskap  i lagsjakk for Troms og nordre Nordland sjakkrets 2025"]
[Site "Hotell Thon - Arena Hall"]
[Date "2025.01.31"]
[Group "Kretsmesterskap  i lagsjakk for Troms og nordre Nordland sjakkrets 2025"]
[Table "44"]
[Round "3"]
[White "Tromsø 2-E. Andreassen"]
[Black "Tromsø 4-A. Wintervold"]
[WhiteElo "1808"]
[BlackElo "1527"]
[Result "1-0"]

1. e4 c6 2. d4 d5 3. Nc3 a6 4. Nf3 b5 5. a3 dxe4 6. Nxe4 Bf5 7. Ng3 Bg4 8. Be3 Nf6 9. h3 Bxf3 10. Qxf3 e6 11. c3 Bd6 12. Bd3 g6 13. Ne4 Nxe4 14. Bxe4 Qc7 15. Qf6 Rg8 16. O-O Nd7 17. Qf3 Rc8 18. a4 Ke7 19. Rfe1 g5 20. axb5 axb5 21. Ra6 Nb8 22. Ra2 h6 23. Rea1 Qd7 24. Qh5 g4 25. hxg4 Rh8 26. Bxh6 Bf4 27. g5 f6 28. Qg6 fxg5 29. Bxg5+ Bxg5 30. Qxg5+ Kd6 31. Qc5+ Kc7 1-0

[Event "Kretsmesterskap  i lagsjakk for Troms og"]
[Site "Hotell Thon - Arena Hall"]
[Date "2025.02.01"]
[Round "2"]
[White "Tørfoss, Sivert S,"]
[Black "Aanstad, Magnus"]
[Result "1-0"]
[WhiteElo "2107"]
[BlackElo "1984"]
[PlyCount "79"]
[EventDate "2025.??.??"]

1. Nf3 c5 2. c4 Nc6 3. d4 cxd4 4. Nxd4 e5 5. Nc2 Nf6 6. Nc3 d6 7. Bg5 Be7 8. g3
O-O 9. Bg2 Be6 10. Bxf6 Bxf6 11. Nd5 Bxd5 12. Qxd5 e4 13. O-O Re8 14. Rfd1 Qb6
15. Rab1 Re5 16. Qxd6 Qa6 17. Ne3 Rae8 18. Ng4 R5e6 19. Qd5 Bd8 20. Qb5 Qb6 21.
Rd7 Nd4 22. Qxb6 Bxb6 23. Rd1 Nc6 24. Bh3 R6e7 25. R7d5 a6 26. c5 Ba7 27. a3 a5
28. Ne3 g6 29. Bd7 Rb8 30. Nc4 a4 31. g4 f6 32. Bxc6 bxc6 33. Rd8+ Rxd8 34.
Rxd8+ Kg7 35. Rc8 Bxc5 36. Rxc6 Bd4 37. e3 Be5 38. Ra6 Rb7 39. Rxa4 Bxb2 40.
Rb4 1-0

[Event "Kretsmesterskap  i lagsjakk for Troms og"]
[Site "Hotell Thon - Arena Hall"]
[Date "2025.02.02"]
[Round "4"]
[White "Tørfoss, Sivert S."]
[Black "Mathisen, Pål S."]
[Result "1-0"]
[WhiteElo "2107"]
[BlackElo "1740"]
[PlyCount "119"]
[EventDate "2025.??.??"]

1. Nf3 c5 2. g3 g6 3. c4 Bg7 4. Nc3 Nc6 5. Bg2 d6 6. O-O Bf5 7. h3 h5 8. d3 Qd7
9. Kh2 Ne5 10. Qb3 Nxf3+ 11. Bxf3 Bxh3 12. Qxb7 Qxb7 13. Bxb7 Bxf1 14. Bxa8
Bxc3 15. bxc3 Bxe2 16. d4 Nf6 17. Bc6+ Kf8 18. dxc5 dxc5 19. Kg2 Bxc4 20. Be3
Kg7 21. Bf3 Rc8 22. a4 e5 23. Rb1 e4 24. Bd1 Nd5 25. Bd2 Rc7 26. Bb3 Bd3 27.
Ra1 Nb6 28. a5 Nc4 29. Bxc4 Bxc4 30. Be3 Bd3 31. Ra2 Ba6 32. Rd2 Bd3 33. Rb2
Ba6 34. Rb8 Bb7 35. Kh2 Ba6 36. Re8 f5 37. Re5 c4 38. Re6 Bb5 39. Bd4+ Kh6 40.
Re5 a6 41. Be3+ Kg7 42. Kh3 Kf6 43. Bd4 Kf7 44. Kh4 Rc6 45. Kg5 Rd6 46. Bc5 Re6
47. Rd5 Rc6 48. Bd4 Re6 49. Rd8 Re8 50. Rd6 Re6 51. Rd5 Re7 52. Rc5 Re6 53. Rd5
Bc6 54. Rc5 Bb5 55. Be3 Rd6 56. Rc8 Rc6 57. Rh8 Re6 58. Rh7+ Kf8 59. Ra7 Re7
60. Bc5 1-0

[Event "Kretsmesterskap  i lagsjakk for Troms og"]
[Site "Hotell Thon - Arena Hall"]
[Date "2025.02.01"]
[Round "2"]
[White "Velautham, Winston T."]
[Black "Madsen, Erlend"]
[Result "0-1"]
[WhiteElo "1438"]
[BlackElo "1641"]
[PlyCount "86"]
[EventDate "2025.??.??"]

1. d4 d5 2. c4 Nf6 3. Nc3 e6 4. Bg5 Be7 5. Bf4 a6 6. Nf3 c5 7. Qa4+ Bd7 8. Nb5
Bxb5 9. cxb5 Nbd7 10. bxa6 bxa6 11. e3 a5 12. Bb5 O-O 13. O-O Nb6 14. Qb3 c4
15. Qc2 a4 16. b3 cxb3 17. axb3 Rc8 18. Qb2 axb3 19. Qxb3 Nc4 20. Rfd1 Bd6 21.
Ne5 Ne4 22. Nxc4 Bxf4 23. exf4 dxc4 24. Bxc4 Qc7 25. Bd3 Qxf4 26. Qb2 Nf6 27.
Rdc1 g6 28. g3 Rb8 29. Qc3 Qd6 30. Ra6 Qb4 31. Qxb4 Rxb4 32. Rd6 Nd5 33. Rc4
Rfb8 34. Rdc6 Kg7 35. Kg2 Rb3 36. Bc2 Rb2 37. h4 Nb4 38. g4 Nxc6 39. Rxc6 R8b4
40. Be4 Rxd4 41. Rc2 Rxc2 42. Bxc2 Rxg4+ 43. Kf3 Rxh4 0-1

[Event "Kretsmesterskap  i lagsjakk for Troms og"]
[Site "Hotell Thon - Arena Hall"]
[Date "2025.02.02"]
[Round "5"]
[White "Wintervold, Ask"]
[Black "Mohus, Per Ø."]
[Result "0-1"]
[WhiteElo "1527"]
[BlackElo "1704"]
[PlyCount "98"]
[EventDate "2025.??.??"]

1. d4 c6 2. c4 d5 3. Nc3 Nf6 4. Nf3 g6 5. Bf4 Bg7 6. e3 Bg4 7. h3 Be6 8. cxd5
Nxd5 9. Nxd5 Bxd5 10. Be2 Qa5+ 11. Qd2 Qxd2+ 12. Kxd2 Nd7 13. b4 f6 14. a3 e5
15. Bh2 g5 16. Rhg1 e4 17. Ne1 h5 18. Bd6 Kf7 19. f3 f5 20. fxe4 fxe4 21. g4
Ke6 22. Bg3 h4 23. Bh2 Rhf8 24. Nc2 Rf2 25. Rh1 Raf8 26. Raf1 Bc4 27. Re1 Nb6
28. Kd1 Bb3 29. Kd2 Kd5 30. Kc3 Bxc2 31. Kxc2 Nc4 32. Kb3 b5 33. Bxc4+ bxc4+
34. Ka4 R8f7 35. Bb8 Rb7 36. Bh2 Rb6 37. Ka5 Ra2 38. Ra1 Rf2 39. Raf1 Ra2 40.
Ra1 Rxa1 41. Rxa1 Bf6 42. Rf1 Be7 43. Rf5+ Ke6 44. Re5+ Kd7 45. Rxe4 c3 46. d5
cxd5 47. Rd4 Kc6 48. Rd3 Bf6 49. Ka4 c2 0-1

[Event "Kretsmesterskap  i lagsjakk for Troms og"]
[Site "Hotell Thon - Arena Hall"]
[Date "2025.02.01"]
[Round "2"]
[White "Wintervold, Ask"]
[Black "Schjelderup, Nils-Jakob"]
[Result "0-1"]
[WhiteElo "1527"]
[BlackElo "1831"]
[PlyCount "108"]
[EventDate "2025.??.??"]

1. d4 Nf6 2. c4 g6 3. Nc3 Bg7 4. Nf3 O-O 5. Bf4 d6 6. e3 Nbd7 7. d5 a5 8. a4
Nc5 9. Qc2 e5 10. dxe6 Bxe6 11. Nd4 Bd7 12. Be2 Re8 13. O-O Ne6 14. Nxe6 Bxe6
15. b3 Bf5 16. Qd2 Ne4 17. Nxe4 Bxa1 18. Bg5 f6 19. Rxa1 fxg5 20. Nc3 Kg7 21.
Bf3 Rb8 22. Qd4+ Kh6 23. g3 g4 24. Bxg4 Bxg4 25. Qxg4 Qf6 26. Qf4+ Qxf4 27.
exf4 c6 28. Rd1 Rbd8 29. Kg2 Kg7 30. Kf3 h6 31. Ne4 d5 32. cxd5 Rxd5 33. Rxd5
cxd5 34. Nc5 Re7 35. g4 Kf6 36. h4 Rc7 37. Nd3 Rc3 38. Ke3 Rxb3 39. Kd4 b5 40.
axb5 Rxb5 41. Nc5 a4 42. Nxa4 Rb4+ 43. Kxd5 Rxa4 44. g5+ hxg5 45. fxg5+ Kf5 46.
Kd6 Ra5 47. Ke7 Ra6 48. Kd7 Ke5 49. Kc7 Kd5 50. f4 Ke4 51. f5 Kxf5 52. Kb7 Re6
53. Kc7 Re4 54. h5 gxh5 0-1

[Event "Kretsmesterskap  i lagsjakk for Troms og"]
[Site "Hotell Thon - Arena Hall"]
[Date "2025.02.01"]
[Round "2"]
[White "Olsen, Alex B"]
[Black "Olsen, Preben J"]
[Result "0-1"]
[WhiteElo "1589"]
[BlackElo "1679"]
[PlyCount "52"]
[EventDate "2025.??.??"]

1. e4 c6 2. Nc3 d5 3. exd5 cxd5 4. Qe2 Nf6 5. Nb5 a6 6. Nc3 Nc6 7. Nf3 Bg4 8.
h3 Nd4 9. Qd3 Nxf3+ 10. gxf3 Bh5 11. Bg2 e6 12. b3 Bg6 13. Qe2 Bd6 14. d4 Rc8
15. Nxd5 Nxd5 16. c4 Nf4 17. Bxf4 Bxf4 18. d5 e5 19. Rd1 Qd6 20. Qb2 O-O 21.
Bf1 Qb4+ 22. Rd2 b5 23. a3 Bxd2+ 24. Qxd2 Qxb3 25. cxb5 Qb1+ 26. Qd1 Rc1 0-1